000
00350 a2200169 4500
001
56734
020
_a
9788535707724
040
_c
Anchieta - Pituba
100
_a
Stoker, Bram
240
1
0
_a
Três terrores
_l
por
245
1
0
_a
Três terrores
300
_a
120
362
0
_a
2007
440
1
_a
Atual
650
4
_a
Literatura juvenil
942
_c
BK
999
_c
56734
_d
56734